Routledge handbook of climate law and governance : (Record no. 53254)

MARC details
000 -LEADER
fixed length control field 00622nam a2200205Ia 4500
005 - DATE AND TIME OF LATEST TRANSACTION
control field 20260429112255.0
008 - FIXED-LENGTH DATA ELEMENTS--GENERAL INFORMATION
fixed length control field 260429s9999||||xx |||||||||||||| ||und||
020 ## - INTERNATIONAL STANDARD BOOK NUMBER
International Standard Book Number 9781032233000
041 ## - LANGUAGE CODE
Language English
082 ## - DEWEY DECIMAL CLASSIFICATION NUMBER
Classification number 344.046
Item number SEG
100 ## - MAIN ENTRY--PERSONAL NAME
Personal name Segger, Marie-Claire Cordonier
245 #0 - TITLE STATEMENT
Title Routledge handbook of climate law and governance :
Remainder of title courage, contributions and compliance /
Statement of responsibility, etc Marie-Claire Cordonier Segger
250 ## - EDITION STATEMENT
Edition statement 1st ed.
260 ## - PUBLICATION, DISTRIBUTION, ETC. (IMPRINT)
Place of publication, distribution, etc London :
Name of publisher, distributor, etc Routledge,
Date of publication, distribution, etc 2025.
300 ## - PHYSICAL DESCRIPTION
Extent xliv, 433 p.; hb
650 ## - SUBJECT ADDED ENTRY--TOPICAL TERM
Topical term or geographic name as entry element Governance
650 ## - SUBJECT ADDED ENTRY--TOPICAL TERM
Topical term or geographic name as entry element Climate change
700 ## - ADDED ENTRY--PERSONAL NAME
Personal name Voigt, Christina
942 ## - ADDED ENTRY ELEMENTS (KOHA)
Koha item type Text Books
Holdings
Withdrawn status Lost status Damaged status Not for loan Collection code Home library Location Shelving location Date of Cataloging Source of acquisition Total Checkouts Full call number Barcode Date last seen Price effective from Koha item type
        Non-fiction CUTN Central Library CUTN Central Library Social Sciences 29/04/2026 Segment Book Distributors, New Delhi - Invoice No. 71459 on 09-02-2026   344.046 SEG 58582 29/04/2026 29/04/2026 Text Books